| 000 | 00619nam a22001937a 4500 | ||
|---|---|---|---|
| 999 |
_c167345 _d167345 |
||
| 005 | 20190828152947.0 | ||
| 010 | _aENG-126358 | ||
| 020 |
_c350.00 _a978-93-85932-64-9 |
||
| 035 | _aEN-109890 | ||
| 037 | _bDBAD/PUB | ||
| 082 | _aS | ||
| 100 | _aThom,Kai Cheng | ||
| 245 |
_aFierce Femmes And Notorious Liars: _cby Kai Cheng Thom _bA Dangerous Trans Girl's Confabulous Memoir/ |
||
| 260 |
_aNew Delhi _bZubaan Publishers Pvt. Ltd _c2019 |
||
| 270 |
_bNew Delhi _e110049 _a128 B Shahpur Jat, 1st Floor _mcontact@zubaanbooks.com |
||
| 300 |
_a188p. _c20cm(pbk) |
||
| 650 | _aENGLISH STORY | ||
| 942 |
_2ddc _cEN _hS _mTHO |
||